លក្ខណៈជីវសាស្រ្តបង្កងទឹកសាប (Record no. 3576)

000 -LEADER
fixed length control field 00471nam a22001577a 4500
003 - CONTROL NUMBER IDENTIFIER
control field OSt
005 - DATE AND TIME OF LATEST TRANSACTION
control field 20151118102606.0
008 - FIXED-LENGTH DATA ELEMENTS--GENERAL INFORMATION
fixed length control field 151118b xxu||||| |||| 00| 0 eng d
040 ## - CATALOGING SOURCE
Transcribing agency RUA
082 ## - DEWEY DECIMAL CLASSIFICATION NUMBER
Classification number FIS កែវ 1992 B145 Or.1
100 ## - MAIN ENTRY--PERSONAL NAME
9 (RLIN) 3845
Personal name កែវ សុវណ្ណារី
245 ## - TITLE STATEMENT
Title លក្ខណៈជីវសាស្រ្តបង្កងទឹកសាប
260 ## - PUBLICATION, DISTRIBUTION, ETC. (IMPRINT)
Place of publication, distribution, etc. Phnom Penh
Name of publisher, distributor, etc. RUA
Date of publication, distribution, etc. 1992
300 ## - PHYSICAL DESCRIPTION
Extent 49p.
Other physical details ill.
Dimensions 29cm.
942 ## - ADDED ENTRY ELEMENTS (KOHA)
Source of classification or shelving scheme
Koha item type FIS
Holdings
Price effective from Date last seen Permanent Location Not for loan Date acquired Source of classification or shelving scheme Koha item type Lost status Withdrawn status Date last checked out Total Checkouts Shelving location Damaged status Barcode Current Location Full call number
2015-11-182015-11-18Library Block B 2015-11-18 FIS    B148 RUA020776Library Block BFIS កែវ 1992 B145 Or.1
2015-11-182015-11-18Library Block B 2015-11-18 FIS    B148 RUA020568Library Block BFIS កែវ 1992 B145 Or.2
2015-11-182021-02-01Library Block B 2015-11-18 FIS  2021-02-012B148 RUA020421Library Block BFIS កែវ 1992 B145 Or.3
មជ្ឈមណ្ឌលឯការនៃសាកលវិទ្យាល័យភូមិន្ទកសិកម្មចំការដូង

Powered by Koha